Statistics for European Countries Containing M

Click here to take the quiz!

General Stats

  • This quiz has been taken 104 times
    (97 since last reset)
  • The average score is 10 of 12

Answer Stats

Answer% Correct
Belgium
94%
Malta
93%
Germany
91%
Monaco
89%
Luxembourg
88%
Montenegro
88%
Macedonia
86%
Moldova
86%
Romania
86%
Denmark
83%
San Marino
79%
United Kingdom
78%

Score Distribution

Percentile by Number Answered

Percent of People with Each Score

Your Score History

You have not taken this quiz since the last reset